[Event "SLO-ch U14 Girls"]
[Site "Rogaska Slatina"]
[Date "2009.02.27"]
[Round "9"]
[White "Skrlep, Liza"]
[Black "Leonardi, Caterina"]
[Result "0-1"]
[WhiteElo "1566"]
[BlackElo "1623"]
[PlyCount "92"]
[EventDate "2009.02.22"]
[EventType "swiss"]
[EventRounds "9"]
[EventCountry "SLO"]
[SourceTitle "CBM 129 Extra"]
[Source "ChessBase"]
[SourceDate "2009.05.05"]
[SourceVersion "2"]
[SourceVersionDate "2009.05.20"]
[SourceQuality "1"]

1. e4 c5 2. Nf3 d6 3. d4 cxd4 4. Nxd4 Nf6 5. Nc3 g6 6. h3 Bg7 7. Nf3 0-0 8. Bc4 Nc6 9. 0-0 Bd7 10. Bg5 Rc8 11. Bb3 a6 12. Re1 Qc7 13. Qd2 Rfd8 14. Rab1 Ne5 15. Nxe5 dxe5 16. Qe3 Bc6 17. Bh6 b5 18. Bxg7 Kxg7 19. a3 Qb7 20. Qg3 Qb8 21. Re2 Nh5 22. Qg5 Nf4 23. Ree1 Rd7 24. Rbd1 Rcd8 25. Qg4 Rxd1 26. Rxd1 Rxd1+ 27. Qxd1 b4 28. axb4 Qxb4 29. Qf3 f5 30. Nd5 Qe1+ 31. Kh2 Ne2 32. Qxe2 Qxe2 33. exf5 Bxd5 34. Bxd5 Qxc2 35. fxg6 hxg6 36. b4 Qxf2 37. Bb7 Qf4+ 38. Kg1 Qxb4 39. Bxa6 e4 40. Be2 Qe1+ 41. Kh2 Qxe2 42. h4 Qg4 43. g3 e3 44. Kg1 Qxg3+ 45. Kh1 e2 46. h5 e1Q# 0-1

[Event "SLO-chT (Women)"]
[Site "Kozje"]
[Date "2008.12.06"]
[Round "8"]
[White "Skrlep, Liza"]
[Black "Ahmatovic, Mirela"]
[Result "0-1"]
[WhiteElo "1560"]
[BlackElo "1997"]
[PlyCount "80"]
[EventDate "2008.11.27"]
[EventType "team-tourn"]
[EventRounds "9"]
[EventCountry "SLO"]
[SourceTitle "CBM 127 Extra"]
[Source "ChessBase"]
[SourceDate "2009.01.08"]
[SourceVersion "2"]
[SourceVersionDate "2009.01.28"]
[SourceQuality "1"]

1. e4 c5 2. Nf3 e6 3. Nc3 Nc6 4. Bc4 Nf6 5. d3 d5 6. exd5 exd5 7. Bb5 Bd7 8. 0-0 Be7 9. h3 0-0 10. Bg5 a6 11. Bxc6 Bxc6 12. Ne5 h6 13. Nxc6 bxc6 14. Bd2 Bd6 15. Qf3 Nd7 16. Rfe1 Ne5 17. Qh5 Qf6 18. Ne2 Rab8 19. b3 Rfe8 20. Ng3 Ng6 21. Rab1 Rxe1+ 22. Rxe1 Bxg3 23. fxg3 Qb2 24. Rc1 Qxa2 25. Qg4 Ne5 26. Qf4 Re8 27. Qf5 Qb2 28. Qf2 Re6 29. Qf4 Rf6 30. Qe3 Re6 31. Qf4 Ng6 32. Qb8+ Kh7 33. Qb6 Re2 34. Qa5 Qd4+ 35. Kh2 Qf2 36. Rg1 Rxd2 37. Qxa6 Ne5 38. Qa1 Nf3+ 39. Kh1 Qxg3 40. Qf1 Qh2# 0-1

[Event "SLO-chT (Women)"]
[Site "Kozje"]
[Date "2008.12.05"]
[Round "7"]
[White "Pahole, Tjasa"]
[Black "Skrlep, Liza"]
[Result "0-1"]
[WhiteElo "1447"]
[BlackElo "1560"]
[PlyCount "118"]
[EventDate "2008.11.27"]
[EventType "team-tourn"]
[EventRounds "9"]
[EventCountry "SLO"]
[SourceTitle "CBM 127 Extra"]
[Source "ChessBase"]
[SourceDate "2009.01.08"]
[SourceVersion "2"]
[SourceVersionDate "2009.01.28"]
[SourceQuality "1"]

1. e4 e5 2. Nf3 Nc6 3. Nc3 Nf6 4. d4 exd4 5. Nxd4 Bc5 6. Nxc6 bxc6 7. Bg5 Be7 8. Bd3 d6 9. 0-0 h6 10. Bh4 0-0 11. Re1 Be6 12. Qd2 Re8 13. a3 Qd7 14. Rad1 Bg4 15. f3 Bh5 16. b4 Rab8 17. Qe3 Ra8 18. b5 c5 19. b6 axb6 20. a4 c6 21. Bc4 Nh7 22. Bg3 Rad8 23. Qc1 Qc8 24. e5 d5 25. Bd3 c4 26. Be2 Bc5+ 27. Kh1 Qe6 28. f4 Bxe2 29. Rxe2 Nf8 30. Qa1 Ng6 31. a5 Ra8 32. Na4 Qg4 33. Nc3 Bb4 34. Ree1 Bxa5 35. Qb2 Bxc3 36. Qxc3 Nxf4 37. Qd2 Ng6 38. Qe3 b5 39. Qc5 Rac8 40. c3 Qf5 41. Qd4 Ne7 42. Bh4 Qh5 43. Bg3 Nf5 44. Qf2 Nxg3+ 45. Qxg3 Re6 46. Qf2 Rxe5 47. Rxe5 Qxe5 48. Qc2 Re8 49. h3 Qg3 50. Qd2 Re3 51. Rc1 Rd3 52. Qe2 Rxc3 53. Ra1 Re3 54. Qd2 Qe5 55. Rb1 c3 56. Qf2 Re2 57. Qh4 Qe4 58. Qg3 Qxb1+ 59. Kh2 c2 0-1

[Event "SLO-ch U14 Girls"]
[Site "Postojna"]
[Date "2008.03.01"]
[Round "9"]
[White "Skrlep, Liza"]
[Black "Pahole, Samanta"]
[Result "0-1"]
[WhiteElo "1543"]
[BlackElo "1529"]
[PlyCount "66"]
[EventDate "2008.02.24"]
[EventType "swiss"]
[EventRounds "9"]
[EventCountry "SLO"]
[SourceTitle "EXT 2010"]
[Source "ChessBase"]
[SourceDate "2010.11.25"]
[SourceVersion "1"]
[SourceVersionDate "2010.11.25"]
[SourceQuality "1"]

1. e4 e5 2. Nf3 Nf6 3. Nc3 Bb4 4. Bc4 0-0 5. 0-0 d6 6. d3 h6 7. h3 Bxc3 8. bxc3 Nbd7 9. Re1 c6 10. Bb3 a5 11. a4 b6 12. d4 Bb7 13. d5 cxd5 14. exd5 Ba6 15. Be3 Qc7 16. Qd2 Ne4 17. Qc1 Nxc3 18. Bxh6 gxh6 19. Qxh6 Qd8 20. Qxd6 Re8 21. Qh6 Qf6 22. Qxf6 Nxf6 23. Kh2 e4 24. Nd2 b5 25. axb5 Bxb5 26. g4 a4 27. Ba2 Nxa2 28. Rxa2 Nxd5 29. c4 e3 30. cxb5 exd2 31. Rxe8+ Rxe8 32. Rxd2 Nc3 33. b6 Rb8 0-1

[Event "SLO-ch U14 Girls"]
[Site "Postojna"]
[Date "2008.02.27"]
[Round "5"]
[White "Skrlep, Liza"]
[Black "Robba, Barbara"]
[Result "1/2-1/2"]
[WhiteElo "1543"]
[BlackElo "1500"]
[PlyCount "56"]
[EventDate "2008.02.24"]
[EventType "swiss"]
[EventRounds "9"]
[EventCountry "SLO"]
[SourceTitle "EXT 2010"]
[Source "ChessBase"]
[SourceDate "2010.11.25"]
[SourceVersion "1"]
[SourceVersionDate "2010.11.25"]
[SourceQuality "1"]

1. e4 d5 2. exd5 Qxd5 3. Nc3 Qa5 4. d4 c6 5. Bd2 Qc7 6. Nf3 Nf6 7. h3 Bf5 8. Bc4 e6 9. 0-0 Bd6 10. Re1 0-0 11. Bb3 Nbd7 12. a3 Rfe8 13. Qc1 h6 14. Ne2 Rad8 15. c4 b6 16. Bc2 Be4 17. Bxe4 Nxe4 18. b4 c5 19. dxc5 bxc5 20. b5 Nxd2 21. Qxd2 Nb6 22. Qc2 Ra8 23. a4 a5 24. Qe4 Rad8 25. Qg4 f5 26. Qh4 Be7 27. Qf4 Bd6 28. Qc1 g5 1/2-1/2

[Event "SLO-ch U12 Girls"]
[Site "Murska Sobota"]
[Date "2007.02.26"]
[Round "3"]
[White "Krajnc, Ivana"]
[Black "Skrlep, Liza"]
[Result "0-1"]
[WhiteElo "1500"]
[BlackElo "1526"]
[PlyCount "44"]
[EventDate "2007.02.25"]
[EventType "swiss"]
[EventRounds "9"]
[EventCountry "SLO"]
[SourceTitle "CBM 117 Extra"]
[Source "ChessBase"]
[SourceDate "2007.05.09"]
[SourceVersion "1"]
[SourceVersionDate "2007.05.09"]
[SourceQuality "1"]

1. e4 e5 2. Nf3 Nc6 3. Bc4 Bc5 4. c3 Nf6 5. d4 exd4 6. cxd4 Bb4+ 7. Nc3 d5 8. a3 Bxc3+ 9. bxc3 dxc4 10. e5 Nd7 11. Qe2 Qe7 12. Bf4 f6 13. e6 Nb6 14. 0-0 0-0 15. Qe4 Qxe6 16. Rfe1 Qxe4 17. Rxe4 Bf5 18. Re3 Rae8 19. Rae1 Rxe3 20. Rxe3 Nd5 21. Re1 Nxf4 22. Nh4 Bg6 0-1

[Event "SLO-ch U12 Girls"]
[Site "Murska Sobota"]
[Date "2006.03.03"]
[Round "9"]
[White "Skrlep, Liza"]
[Black "Gornik, Janja"]
[Result "0-1"]
[WhiteElo "1524"]
[BlackElo "1515"]
[PlyCount "100"]
[EventDate "2006.02.26"]
[EventType "swiss"]
[EventRounds "9"]
[EventCountry "SLO"]
[SourceTitle "EXT 2009"]
[Source "ChessBase"]
[SourceDate "2008.11.26"]
[SourceVersion "1"]
[SourceVersionDate "2008.11.26"]
[SourceQuality "1"]

1. e4 e5 2. Nf3 Nc6 3. Bc4 Bc5 4. 0-0 d6 5. h3 Nf6 6. Nc3 Be6 7. Bb3 Qd7 8. d3 h6 9. Be3 Nd4 10. Re1 0-0 11. Bxd4 Bxd4 12. Nxd4 exd4 13. Ne2 c5 14. Ng3 Qe7 15. Qf3 Nd7 16. Qe2 Qg5 17. Rad1 Ne5 18. Qd2 Qxd2 19. Rxd2 b5 20. Bd5 Bxd5 21. exd5 g6 22. Ne4 Rfd8 23. f3 Kg7 24. Nf2 Re8 25. Kf1 Nd7 26. Rdd1 Nf6 27. c4 dxc3 28. bxc3 Nxd5 29. Rxe8 Rxe8 30. Rc1 Ne3+ 31. Kg1 Nf5 32. g4 Ng3 33. Kg2 Ne2 34. Rc2 Nf4+ 35. Kg3 Re2 36. Rc1 Rxf2 37. Kxf4 Rxa2 38. Rb1 a6 39. Re1 Kf8 40. Rd1 Ra4+ 41. Kg3 Ke7 42. Re1+ Kd7 43. f4 b4 44. c4 b3 45. Rb1 Rb4 46. Rb2 a5 47. Kf2 a4 48. Kf3 a3 49. Re2 b2 50. Kg3 b1Q 0-1

[Event "SLO-ch U10 Girls"]
[Site "Sentjur"]
[Date "2005.03.08"]
[Round "9"]
[White "Skrlep, Liza"]
[Black "Kuk, Nika"]
[Result "1/2-1/2"]
[WhiteElo "1500"]
[BlackElo "1500"]
[PlyCount "72"]
[EventDate "2005.02.26"]
[EventType "tourn"]
[EventRounds "9"]
[EventCountry "SLO"]
[SourceTitle "CBM 105 Extra"]
[Source "ChessBase"]
[SourceDate "2005.05.01"]
[SourceVersion "1"]
[SourceVersionDate "2005.05.01"]
[SourceQuality "1"]

1. e4 e5 2. Nf3 Nc6 3. Bc4 Nf6 4. Ng5 d5 5. exd5 Nxd5 6. d3 h6 7. Nf3 Bc5 8. h3 Be6 9. 0-0 Qe7 10. Bb3 Qf6 11. Nc3 Nxc3 12. bxc3 Qg6 13. Kh1 Qf6 14. Be3 Bb6 15. Ba4 Bd7 16. Re1 g5 17. d4 0-0-0 18. dxe5 Nxe5 19. Nxe5 Bxa4 20. Qg4+ Bd7 21. Nxd7 Rxd7 22. Rad1 Rhd8 23. Rxd7 Rxd7 24. Rd1 Qe6 25. Rb1 Qxa2 26. Rc1 Qe6 27. Qf3 Qc6 28. Qe2 Qxc3 29. Bxb6 cxb6 30. Qg4 Qf6 31. Rd1 Qe6 32. Qf3 Rxd1+ 33. Qxd1 a5 34. Qd4 Kc7 35. Qc3+ Qc6 36. Qg3+ Qd6 1/2-1/2

[Event "SLO-ch U10 Girls"]
[Site "Sentjur"]
[Date "2005.02.28"]
[Round "4"]
[White "Robba, Barbara"]
[Black "Skrlep, Liza"]
[Result "0-1"]
[WhiteElo "1500"]
[BlackElo "1500"]
[PlyCount "48"]
[EventDate "2005.02.26"]
[EventType "tourn"]
[EventRounds "9"]
[EventCountry "SLO"]
[SourceTitle "CBM 105 Extra"]
[Source "ChessBase"]
[SourceDate "2005.05.01"]
[SourceVersion "1"]
[SourceVersionDate "2005.05.01"]
[SourceQuality "1"]

1. e4 e5 2. Nf3 Nc6 3. Nc3 Nf6 4. Bc4 Nxe4 5. Nxe4 d5 6. d3 dxc4 7. 0-0 Bf5 8. b3 cxd3 9. cxd3 Nb4 10. Nxe5 Nxd3 11. Nxd3 Bxe4 12. Re1 Qd4 13. Bf4 Be7 14. Nb2 Qxd1 15. Raxd1 f5 16. Bxc7 0-0 17. Nc4 Bb4 18. Re3 Bc2 19. Rc1 Be4 20. Rg3 Rac8 21. Be5 g6 22. h3 Rfe8 23. Ra1 Red8 24. a3 Bf8 0-1